banner koha

Serum biochemical profile of neonatal buffalo calves (Registro n. 328172)

MARC details
000 -LÍDER
fixed length control field 03924nab a2200373 i 4500
003 - CÓDIGO MARC DA AGÊNCIA CATALOGADORA
Campo de controle BR-BrBNA
005 - DATA E HORA DA ÚLTIMA ATUALIZAÇÃO
Campo de controle 20241018102248.0
008 - CAMPO DE TAMANHO FIXO
fixed length control field 241018b2019 bl.|r|pooa||| 00| 0 eng |
040 ## - FONTE DA CATALOGAÇÃO
Agência catalogadora BR-BrBNA
Idioma da catalogação eng
072 ## - CATEGORIA AGRIS
Código AGRIS L50
Código do objeto 5217
072 ## - CATEGORIA AGRIS
Código AGRIS L70
100 ## - ENTRADA PRINCIPAL - NOME PESSOAL
Nome pessoal Souza, D.C.
100 ## - ENTRADA PRINCIPAL - NOME PESSOAL
Nome pessoal Silva, D.G.
100 ## - ENTRADA PRINCIPAL - NOME PESSOAL
Nome pessoal Rocha, T.G.
100 ## - ENTRADA PRINCIPAL - NOME PESSOAL
Nome pessoal Monteiro, B.M.
100 ## - ENTRADA PRINCIPAL - NOME PESSOAL
Nome pessoal Pereira, G.T.
100 ## - ENTRADA PRINCIPAL - NOME PESSOAL
Nome pessoal Fiori, L.C.
100 ## - ENTRADA PRINCIPAL - NOME PESSOAL
Nome pessoal Viana, R.B.
100 ## - ENTRADA PRINCIPAL - NOME PESSOAL
Nome pessoal Fagliari, J.J.
245 ## - TÍTULO PRINCIPAL
Título principal Serum biochemical profile of neonatal buffalo calves
500 ## - NOTA GERAL
Nota geral Publicação online; 21 ref.; 3 tables; Summaries (En, Pt)
942 ## - ADDED ENTRY ELEMENTS (KOHA)
Koha item type Analítica
520 ## - NOTA DE RESUMO
Nota de conteúdo <br/><br/>ABSTRACT - Serum blood samples from 50 Murrah buffalo calves were examined in this study. The animals were allocated into three groups according to the number of parturitions of their mothers: G1 (n= 15) calves from primiparous buffaloes, G2 (n= 19) calves from buffaloes with two to four parturitions, and G3 (n= 16) calves from buffaloes with five or more parturitions. Blood samples were taken at birth, before colostrum ingestion, at 24h, 48h, and 72h after birth, and at 7, 14, 21, and 30 days after birth for determination of levels of gammaglutamyl transferase (GGT), alkaline phosphatase (ALP), aspartate aminotransferase (AST), creatine kinase, total protein, albumin, globulins (including immunoglobulin G), iron, total calcium, ionized calcium, phosphorus, sodium, and potassium. The age of the calves was found to influence all of the biochemical parameters, with the exception of ionized calcium and potassium in the calves in groups G1 and G3. The calving order was found to influence AST, GGT, total protein, albumin, and globulins, including IgG. The high serum ALP activity in the first two days after birth indicates that measurement of the levels of this enzyme may be used as an indirect method of assessing passive immunity transfer.<br/><br/><br/>Keywords: Bubalus bubalis, newborn, number of parturitions, murrah, passive immunity transfer (PIT)
520 ## - NOTA DE RESUMO
Nota de conteúdo <br/><br/>RESUMO - Amostras de sangue de 50 bezerros de búfalo Murrah foram examinados nesse estudo. Os animais foram distribuídos em três grupos de acordo com a paridade de suas genitoras: G1 (n=15) bezerros de búfalas primíparas, G2 (n=19) bezerros de búfalas com 2 a 4 gestações, e G3 (n=16) bezerros de búfalas com cinco ou mais gestações. Amostras de sangue foram colhidas ao nascimento, antes da ingestão de colostro e 24h, 48h, e 72h após o nascimento e 7, 14, 21 e 30 dias após nascimento para determinar níveis de gammaglutamil transferase (GGT), fosfatase alcalina (ALP), aspartato aminotrasferase (AST), creatina quinase, proteínas totais, albumina, globulina (inclusive imunoglobulina G), ferro, cálcio total, cálcio ionizado, fósforo, sódio e potássio. A idade dos bezerros influenciou todos os parâmetros bioquímicos, exceto cálcio ionizado e potássio nos bezerros dos grupos G1 e G3. A ordem de nascimento influenciou AST, GGT, proteínas totais, albumina e globulinas, inclusive IgG. Intensa atividade ALP no soro nos primeiros dois dias após nascimento indica que medidas dos níveis dessa enzima podem ser utilizados como método indireto de avaliar transferência passiva de imunidade.<br/><br/><br/>Palavras chave: Bubalus bubalis, neonato, número de gestações, murrah, transferência passiva de imunidade
650 ## - ASSUNTO - THESAGRO
Cabeçalho tópico ou nome geográfico BÚFALO
650 ## - ASSUNTO - THESAGRO
Cabeçalho tópico ou nome geográfico BEZERRO
650 ## - ASSUNTO - THESAGRO
Cabeçalho tópico ou nome geográfico BIOQUÍMICA ANIMAL
650 ## - ASSUNTO - THESAGRO
Cabeçalho tópico ou nome geográfico FISIOLOGIA ANIMAL
650 ## - ASSUNTO - THESAGRO
Cabeçalho tópico ou nome geográfico IMUUNIDADE
650 ## - ASSUNTO - THESAGRO
Cabeçalho tópico ou nome geográfico VETERINÁRIA
773 0# - ENTRADA ANALÍTICA
Host Biblionumber 1643
Registro do item 345321
Imprenta Belo Horizonte-MG Universidade Federal de Minas Gerais - Escola de Veterinaria 1983
Outro identificador 2024-5846
Título Arquivo Brasileiro de Medicina Veterinária e Zootecnia (Brazil)
ISSN 0102-0935
Colação v. 71(1) p. 187-196; (2019)
Número de controle de registro BR2024002910
856 ## - ACESSO E ENDEREÇO ELETRÔNICO
Identificador uniforme de recurso - URI https://www.scielo.br/j/abmvz/a/RB5tMhvT8CRQXwGYjFXZTXz/?format=pdf&lang=en

Nenhum exemplar disponível.

BINAGRI

Telefone: (61)3218-2567/2388/3357/2097 - binagri@agro.gov.br

Ministério da Agricultura e Pecuária , Esplanada dos Ministérios, Bloco D, Anexo B, Brasília/DF, CEP: 70.043-900